Collection des classiques français. (Record no. 153196)

MARC details
000 -LEADER
campo de control de longitud fija 00768nam a2200181 i 4500
001 - NÚMERO DE CONTROL
campo de control 153196
003 - IDENTIFICADOR DE NÚMERO DE CONTROL
campo de control ES-MaACL
005 - FECHA Y HORA DE LA ÚLTIMA TRANSACCIÓN
campo de control 20230906205051.0
008 - DATOS DE LONGITUD FIJA--INFORMACIÓN GENERAL
campo de control de longitud fija 040806s1828 fr a |||| | fre d
040 ## - FUENTE DE CATALOGACIÓN
Centro catalogador/agencia de origen CAM
Lengua de catalogación spa
Centro/agencia transcriptor CAM
245 00 - MENCIÓN DEL TÍTULO
Título Collection des classiques français.
260 ## - PUBLICACIÓN, DISTRIBUCIÓN, ETC.
Lugar de publicación, distribución, etc. Paris :
Nombre del editor, distribuidor, etc. Dufour et compagnie libraires,
Fecha de publicación, distribución, etc. 1828 (
Fabricante Imprimerie de Jules Didot aine)
300 ## - DESCRIPCIÓN FÍSICA
Extensión 2544 p., [2] h. de lám. ;
Dimensiones 21 cm.
597 ## - NOTA DE DESCRIPCIÓN FÍSICA
NOTA DE DESCRIPCIÓN FÍSICA Premiere partie, Vers: 1547 p., [1] h. de lám. - Seconde partie, Prosa: pp. [1547]-2544, [1] h. de lám.
597 ## - NOTA DE DESCRIPCIÓN FÍSICA
NOTA DE DESCRIPCIÓN FÍSICA 1 t. en 2 v.
599 ## - NOTA A LAS ILUSTRACIONES
NOTA A LAS ILUSTRACIONES Las h. de lám. grab. con representación alegórica con retratos de escritore franceses.
852 ## - LOCALIZACIÓN
Ubicación ES-MaACL
Número de control de estantería G-9101-02
Nota libre -- Enc. hol.
condición física -- Falto de la port. de la premiere partie
Holdings
Estatus retirado Estado de pérdida Estado de daño No para préstamo Colección Biblioteca de origen Biblioteca actual Ubicación en estantería Fecha de adquisición Total de préstamos Signatura topográfica completa Código de barras Visto por última vez Precio de reemplazo Tipo de ítem Koha
        Libros del s. XIX Biblioteca del Ateneo de Madrid Biblioteca del Ateneo de Madrid Sala Pecera Planta 3 17/01/2008   G-9101-02 1160070 23/02/2023 23/02/2023 Libro impreso antiguo